| 000 | 00915nam a2200265 i 4500 | ||
|---|---|---|---|
| 001 | bg | ||
| 100 | 1 | _aGutkowska, Krystyna. | |
| 245 | 0 |
_aWybrane aspekty zachowań konsumentów na rynku żywności - kryteria zróżnicowania / _cKrystyna Gutkowska, Irena Ozimek. |
|
| 260 |
_aWarszawa : _bWydawnictwo SGGW, _c2005. |
||
| 300 |
_a230 s. : _bwykr. ; _c24 cm |
||
| 504 | _aBibliogr. | ||
| 650 | 9 |
_aGospodarstwo domowe _zPolska _yod 1989 r. |
|
| 650 | 9 |
_aKonsumenci (ekon.) _zPolska _yod 1989 r. |
|
| 650 | 9 |
_aŻywność _xhandel _zPolska _yod 1989 r. |
|
| 700 | 1 | _aOzimek, Irena | |
| 020 | _a8372446652 | ||
| 040 | _cBPK | ||
| 041 | 0 | _apol | |
| 044 | _apol | ||
| 080 | _a366:330.567.28:339.166.82](438)"1989/..." | ||
| 920 | _a83-7244-665-2 | ||
| 942 | _cKS | ||
| 008 | s pl f |000 0 pol | ||
| 999 |
_c54017 _d54017 |
||
| 856 |
_uhttp://koha.tu.koszalin.pl/cgi-bin/koha/opac-detail.pl?biblionumber=54017 _yKatalog online BPK |
||